000 00778cab a2200277 4500
001 ABS60327
008 090401t1999 xxu||||| |||| 00| 0 eng d
035 _a(Sirsi) u92241
041 _aeng
100 _aShea, C.
245 _aKleinwort Benson: a catch-22 decision?
260 _c1999
350 _a0
490 _aProperty Week
_v64(10) 12 March 1999, 35(1)
650 _aKLEINWORT BENSON LTD V LINCOLN CITY COUNCIL AND OTHERS
650 _aLIABILITY
650 _aMISTAKE OF FACT
650 _aMISTAKE OF LAW
650 _aNURDIN AND PEACOCK PLC V D B RAMSDEN AND CO LTD
650 _aOVERPAYMENT
650 _aSERVICE CHARGES
690 _aLANDLORD AND TENANT-BUSINESS TENANCIES-CASE LAW
700 _aTanney, A.
942 _n0
948 _c22/03/1999
999 _c58487
_d58487